Т. 2: Травопольная система земледелия (1921-1939); Избранные сочинения

Bibliografske podrobnosti
Parent link:Избранные сочинения/ В. Р. Вильямс; Академия наук СССР (АН СССР) ; ред. В. П. Бушинский. Т. 2: Травопольная система земледелия (1921-1939).— , 1950
Jezik:ruščina
Izdano: 1950
Teme:
Format: MixedMaterials Knjiga
KOHA link:https://koha.lib.tpu.ru/cgi-bin/koha/opac-detail.pl?biblionumber=199777

MARC

LEADER 00000nam2a2200000 4500
001 199777
005 20231101224916.0
035 |a (RuTPU)RU\TPU\book\217815 
035 |a RU\TPU\book\217612 
090 |a 199777 
100 |a 20110824d1950 k y0rusy50 ca 
101 0 |a rus 
102 |a RU 
105 |a c z 001zy 
200 0 |a Т. 2: Травопольная система земледелия (1921-1939) 
210 |d 1950 
215 |a 802 с.  |c портр. 
316 |5 63413507: КР-3  |a На титульном листе и с. 9 владельческая подпись: "К. Радугин" 
317 |5 63413507: КР-3  |a Поступила в НТБ в 2004 г. в составе книжного собрания профессора ТПИ К. В. Радугина 
320 |a Примечания: с. 619-802 
461 1 |0 (RuTPU)RU\TPU\book\251861  |t Избранные сочинения  |f В. Р. Вильямс  |g Академия наук СССР (АН СССР) ; ред. В. П. Бушинский  |v Т. 2: Травопольная система земледелия (1921-1939)  |d 1950  |s Классики науки 
606 1 |a Почвоведение  |2 stltpush  |3 (RuTPU)RU\TPU\subj\71851  |9 85566 
610 1 |a земледелие 
610 1 |a землепользование 
610 1 |a орошаемые земли 
610 1 |a владельческая надпись 
610 1 |a библиотека К. В. Радугина 
675 |a 631.4  |v 3 
801 1 |a RU  |b 63413507  |c 20110817 
801 2 |a RU  |b 63413507  |c 20190304  |g RCR 
942 |c BK